000 02025nam a22003854i 4500
003 PE-LiUPU
005 20260325163552.0
008 060301s2006 pe a b 000 0 spa d
035 _aPE-LiUPU000013
040 _aPE-LiUPU
_bspa
_cPE-LiUPU
_erda
041 0 _aspa
082 0 4 _a333.823
_bP471p
_2TP
110 2 _aPerú.
_bDefensoría del Pueblo,
_eautor corporativo.
245 1 3 _aEl Proyecto Camisea y sus efectos en los derechos de las personas /
_c[Defensoría del Pueblo, Adjuntía para los Servicios Públicos y el Medio Ambiente].
246 3 _aProyecto Camisea y sus efectos en los derechos de las personas
264 1 _aLima :
_bDefensoría del Pueblo,
_cmarzo de 2006.
300 _a101 páginas ;
_c28 cm
336 _atext
_2rdacontent
337 _aunmediated
_2rdamedia
338 _avolume
_2rdacarrier
490 0 _aSerie Informes Defensoriales ;
_v103
500 _aPrimera edición: marzo de 2006.
500 _aHecho el depósito legal en la Biblioteca Nacional del Perú N° 2006-2113.
500 _aEl informe fue elaborado por la Adjuntía para los Servicios Públicos y el Medio Ambiente.
504 _aIncluye referencias bibliográficas.
505 0 _aEl proyecto del gas de Camisea -- Objetivos del informe defensorial -- Competencia de la Defensoría del Pueblo -- Derechos fundamentales y desarrollo sostenible -- Principales actuaciones defensoriales -- Derecho a la vida y la salud de los pueblos indígenas en aislamiento y contacto inicial -- Daños al medio ambiente -- Participación ciudadana y acceso a la información.
546 _aTexto en español.
650 1 8 _aProyecto Camisea
_xAspectos sociales
_98212
650 2 8 _aProyectos de desarrollo
_zPerú
_zCamisea (Cus.)
_98213
650 2 0 _aDerechos humanos
_zPerú.
_93988
650 2 8 _aGas natural
_xAspectos ambientales
_zPerú
_98214
650 2 8 _aIndígenas del Perú
_xDerechos civiles
_98215
942 _2ddc
_cREF
980 _618228
_aRebeca Esther Huerta Leyton
_818226
_gJaime Vilcazán Jefe de Análisis Documental
999 _c63337
_d63336